Management des organisations (Record no. 33724)
[ view plain ]
| 000 -LEADER | |
|---|---|
| fixed length control field | 01008 a2200361 4500 |
| 003 - CONTROL NUMBER IDENTIFIER | |
| control field | 00 |
| 005 - DATE AND TIME OF LATEST TRANSACTION | |
| control field | 20171004164707.0 |
| 008 - FIXED-LENGTH DATA ELEMENTS--GENERAL INFORMATION | |
| fixed length control field | 171004b xxu||||| |||| 00| 0 eng d |
| 020 ## - NUMERO INTERNATIONAL NORMALISE DES LIVRES | |
| International Standard Book Number | 2-8041-1674-3 |
| 037 ## - SOURCE OF ACQUISITION | |
| Source of stock number/acquisition | 1, LP |
| 037 ## - SOURCE OF ACQUISITION | |
| Source of stock number/acquisition | 2, CIUF |
| 037 ## - SOURCE OF ACQUISITION | |
| Stock number | De 9012 |
| 037 ## - SOURCE OF ACQUISITION | |
| Stock number | De 8491 |
| 037 ## - SOURCE OF ACQUISITION | |
| Stock number | De 8922 |
| 040 ## - SOURCE DU CATALOGAGE | |
| Original cataloging agency | BUAC |
| Language of cataloging | Fre |
| Transcribing agency | BUC |
| 100 ## - VEDETTE PRINCIPALE - NOM DE PERSONNE | |
| Personal name | Hellriegel, Don |
| 9 (RLIN) | 1460 |
| 100 ## - VEDETTE PRINCIPALE - NOM DE PERSONNE | |
| Language of a work | Fr |
| 245 ## - TITLE STATEMENT | |
| Title | Management des organisations |
| Statement of responsibility, etc | / par Don Hellriegel |
| 250 ## - EDITION STATEMENT | |
| Remainder of edition statement | 6ème tirage |
| 260 ## - PUBLICATION, DISTRIBUTION, ETC. (IMPRINT) | |
| Place of publication, distribution, etc | Bruxelles : |
| Name of publisher, distributor, etc | DeBoeck, |
| Date of publication, distribution, etc | 1999 |
| 300 ## - PHYSICAL DESCRIPTION | |
| Extent | 693 p. |
| Other physical details | couv. en coul. ; |
| Dimensions | 24 cm. |
| 440 ## - SERIES STATEMENT/ADDED ENTRY--TITLE | |
| Title | (Collection Management) |
| 9 (RLIN) | 5641 |
| 440 ## - SERIES STATEMENT/ADDED ENTRY--TITLE | |
| International Standard Serial Number | 0779-4630 |
| 500 ## - GENERAL NOTE | |
| General note | Bibliogr. à la fin de chaque de chaque chapitre<br/>Index pp. (681-693) |
| 630 ## - SUBJECT ADDED ENTRY--UNIFORM TITLE | |
| Uniform title | - SCIENCES APPLIQUEES |
| 650 ## - SUBJECT ADDED ENTRY--TOPICAL TERM | |
| Topical term or geographic name as entry element | Gestion |
| 650 ## - SUBJECT ADDED ENTRY--TOPICAL TERM | |
| Topical term or geographic name as entry element | organisation : gestion |
| 9 (RLIN) | 19543 |
| 700 ## - ADDED ENTRY--PERSONAL NAME | |
| Personal name | Slocum, John W. |
| 700 ## - ADDED ENTRY--PERSONAL NAME | |
| Personal name | Woodman, Richard W. |
| 700 ## - ADDED ENTRY--PERSONAL NAME | |
| Personal name | Trad., Truchan-Saporta, Michèle |
| 9 (RLIN) | 19544 |
| 942 ## - ADDED ENTRY ELEMENTS (KOHA) | |
| Koha item type | Libre Accès |
| Withdrawn status | Lost status | Damaged status | Not for loan | Location (home branch) | Sublocation or collection (holding branch) | Date acquired | Koha issues (times borrowed) | Koha full call number | Koha date last seen | Price effective from | Koha item type |
|---|---|---|---|---|---|---|---|---|---|---|---|
| Bibliothèque Universitaire Centrale | Bibliothèque Universitaire Centrale | 28/02/2009 | 65.012.4 HEL | 28/02/2009 | 28/02/2009 | Libre Accès |